Hodnotenie znalostne náročných aktivít SR v rámci EÚ-25
Inovačná výkonnosť slovenskej ekonomiky. Technologická pripravenosť ako schopnosť ekonomiky zvyšovať svoju inovačnú výkonnosť. Technologická pripravenosť Slovenska v súčasnosti pod priemerom EÚ-25. Podpriemerné hodnoty inovačných vstupov SR ovplyvnené aj výdavkami na rozvoj informačných a komunikačn...
Guardado en:
| Autor principal: | |
|---|---|
| Formato: | Capítulo de libro |
| Lenguaje: | eslovaco |
| Materias: | |
| Etiquetas: |
Sin Etiquetas, Sea el primero en etiquetar este registro!
|
MARC
| LEADER | 00000nla$a2200000$$$4500 | ||
|---|---|---|---|
| 001 | 0058559 | ||
| 005 | 20240502071644.8 | ||
| 041 | 0 | |a slo | |
| 044 | |a SK | ||
| 245 | 1 | 0 | |a Hodnotenie znalostne náročných aktivít SR v rámci EÚ-25 |c Elena Fifeková |
| 520 | |a Inovačná výkonnosť slovenskej ekonomiky. Technologická pripravenosť ako schopnosť ekonomiky zvyšovať svoju inovačnú výkonnosť. Technologická pripravenosť Slovenska v súčasnosti pod priemerom EÚ-25. Podpriemerné hodnoty inovačných vstupov SR ovplyvnené aj výdavkami na rozvoj informačných a komunikačných technológií, výdavkami na rizikový kapitál a rozsahom podpory malých a stredných podnikov. Slovensko medzi krajinami, ktoré strácajú svoj inovačný výkon. | ||
| 610 | 2 | 0 | |a vývoj |
| 610 | 2 | 0 | |a výskum |
| 610 | 2 | 0 | |a ekonomika vedomostná |
| 610 | 2 | 0 | |a konkurencieschopnosť |
| 610 | 2 | 0 | |a výhody konkurenčné |
| 610 | 2 | 0 | |a technológie nové |
| 610 | 2 | 0 | |a výkonnosť ekonomiky |
| 610 | 2 | 0 | |a inovácia |
| 100 | 1 | |a Fifeková, Elena | |